[Event "RSA-chT U10"]
[Site "Cape Town"]
[Date "2016.01.06"]
[Round "5.1"]
[White "Mostert, Gert"]
[Black "Rodrigues, Teegan"]
[Result "1-0"]
[WhiteElo "1231"]
[BlackElo "979"]
[PlyCount "27"]
[EventDate "2016.01.04"]
[EventType "team-tourn"]
[EventRounds "7"]
[EventCountry "RSA"]
[SourceTitle "CBM 170 Extra"]
[Source "ChessBase"]
[SourceDate "2016.02.25"]
[SourceVersion "1"]
[SourceVersionDate "2016.02.25"]
[SourceQuality "1"]
[WhiteTeam "Johannesburg Metro"]
[BlackTeam "Bojanala Platina"]
[WhiteTeamCountry "RSA"]
[BlackTeamCountry "RSA"]

1. e4 e5 2. Nf3 Nc6 3. d4 d6 4. d5 Nf6 5. dxc6 bxc6 6. Nc3 d5 7. exd5 cxd5 8. Bb5+ Bd7 9. Bxd7+ Qxd7 10. 0-0 Bd6 11. Re1 e4 12. Bg5 h6 13. Bxf6 gxf6 14. Nxd5 1-0

[Event "RSA-chT U10"]
[Site "Cape Town"]
[Date "2016.01.04"]
[Round "1.1"]
[White "Collier, Zachary"]
[Black "Rodrigues, Teegan"]
[Result "1-0"]
[WhiteElo "897"]
[BlackElo "979"]
[PlyCount "36"]
[EventDate "2016.01.04"]
[EventType "team-tourn"]
[EventRounds "7"]
[EventCountry "RSA"]
[SourceTitle "CBM 170 Extra"]
[Source "ChessBase"]
[SourceDate "2016.02.25"]
[SourceVersion "1"]
[SourceVersionDate "2016.02.25"]
[SourceQuality "1"]
[WhiteTeam "Ekurhuleni"]
[BlackTeam "Bojanala Platina"]
[WhiteTeamCountry "RSA"]
[BlackTeamCountry "RSA"]

1. d4 d5 2. c4 c6 3. e3 Nf6 4. Bd3 Bd7 5. Nf3 Bg4 6. 0-0 e6 7. Nbd2 Bd6 8. c5 Bc7 9. e4 b6 10. cxb6 axb6 11. e5 Ne4 12. Nxe4 dxe4 13. Bxe4 0-0 14. Bc2 f6 15. Qd3 Bf5 16. Qd2 Bxc2 17. Qxc2 Nd7 18. exf6 Qxf6 1-0

[Event "RSA-ch U10"]
[Site "Waterkloof"]
[Date "2015.04.08"]
[Round "7"]
[White "Smit, Albert"]
[Black "Rodrigues, Teegan"]
[Result "0-1"]
[WhiteElo "993"]
[BlackElo "1038"]
[PlyCount "29"]
[EventDate "2015.04.04"]
[EventType "swiss"]
[EventRounds "9"]
[EventCountry "RSA"]
[SourceTitle "CBM 166 Extra"]
[Source "ChessBase"]
[SourceDate "2015.06.18"]
[SourceVersion "1"]
[SourceVersionDate "2015.06.18"]
[SourceQuality "1"]

1. e4 e5 2. Nf3 Nc6 3. Bc4 Nf6 4. d3 Bc5 5. Nc3 h6 6. 0-0 d6 7. h3 0-0 8. Qe2 Bd7 9. Nh2 Qc8 10. Qf3 Kh8 11. Nd5 Nd4 12. Qg3 Ne2+ 13. Kh1 Nxg3+ 14. fxg3 Nxd5 15. Bxd5 0-1

[Event "RSA-ch U10"]
[Site "Waterkloof"]
[Date "2015.04.07"]
[Round "6"]
[White "Janse Van Vuren, Ernst"]
[Black "Rodrigues, Teegan"]
[Result "0-1"]
[WhiteElo "961"]
[BlackElo "1038"]
[PlyCount "46"]
[EventDate "2015.04.04"]
[EventType "swiss"]
[EventRounds "9"]
[EventCountry "RSA"]
[SourceTitle "CBM 166 Extra"]
[Source "ChessBase"]
[SourceDate "2015.06.18"]
[SourceVersion "1"]
[SourceVersionDate "2015.06.18"]
[SourceQuality "1"]

1. c4 e5 2. e3 Nf6 3. Nc3 d5 4. cxd5 Nxd5 5. Ne4 Bf5 6. d3 Nc6 7. Be2 Be7 8. Nf3 0-0 9. 0-0 h6 10. b3 Qc8 11. Bb2 Qe6 12. Ng3 Bg6 13. e4 Nf6 14. d4 Rad8 15. Bc4 Qc8 16. Nh4 Bh7 17. Ngf5 exd4 18. Bxd4 Kh8 19. Qc1 Nxd4 20. Nxe7 Qg4 21. Qe1 Qxh4 22. g3 Nf3+ 23. Kh1 Qxh2# 0-1

[Event "RSA-ch U10"]
[Site "Waterkloof"]
[Date "2015.04.07"]
[Round "5"]
[White "Rodrigues, Teegan"]
[Black "Samuels, Kieran"]
[Result "0-1"]
[WhiteElo "1038"]
[BlackElo "1133"]
[PlyCount "66"]
[EventDate "2015.04.04"]
[EventType "swiss"]
[EventRounds "9"]
[EventCountry "RSA"]
[SourceTitle "CBM 166 Extra"]
[Source "ChessBase"]
[SourceDate "2015.06.18"]
[SourceVersion "1"]
[SourceVersionDate "2015.06.18"]
[SourceQuality "1"]

1. e4 c5 2. Nf3 e6 3. d4 cxd4 4. Nxd4 g6 5. Be3 Bg7 6. Nc3 a6 7. Bc4 Ne7 8. 0-0 0-0 9. Qd2 Qc7 10. Bh6 Qxc4 11. Bxg7 Kxg7 12. b3 Qc7 13. Nf3 Nbc6 14. Nd1 Ne5 15. Qc3 Qxc3 16. Nxc3 Nxf3+ 17. gxf3 f5 18. Kh1 b5 19. a4 b4 20. Ne2 Bb7 21. Rad1 Rad8 22. c3 fxe4 23. fxe4 Bxe4+ 24. Kg1 Bf3 25. Rd2 Bxe2 26. Rxe2 bxc3 27. Rc1 Nd5 28. b4 Nf4 29. Re4 d5 30. Re3 Rc8 31. b5 d4 32. Ree1 Nd3 33. Rcd1 Nxf2 0-1

[Event "RSA-ch U10"]
[Site "Waterkloof"]
[Date "2015.04.06"]
[Round "4"]
[White "Hargreaves, Nicholas"]
[Black "Rodrigues, Teegan"]
[Result "1-0"]
[WhiteElo "1144"]
[BlackElo "1038"]
[PlyCount "29"]
[EventDate "2015.04.04"]
[EventType "swiss"]
[EventRounds "9"]
[EventCountry "RSA"]
[SourceTitle "CBM 166 Extra"]
[Source "ChessBase"]
[SourceDate "2015.06.18"]
[SourceVersion "1"]
[SourceVersionDate "2015.06.18"]
[SourceQuality "1"]

1. e4 e5 2. Nf3 Nc6 3. Bc4 Bc5 4. Nc3 Nf6 5. d3 0-0 6. Bg5 d6 7. Qd2 Bg4 8. 0-0-0 Nd4 9. Nd5 Nxf3 10. gxf3 Bxf3 11. Nxf6+ gxf6 12. Bh6 Bxh1 13. Rg1+ Kh8 14. Bg7+ Kg8 15. Bxf6+ 1-0

[Event "RSA-ch U10"]
[Site "Waterkloof"]
[Date "2015.04.04"]
[Round "2"]
[White "Mphasha, Ngoako"]
[Black "Rodrigues, Teegan"]
[Result "1/2-1/2"]
[WhiteElo "999"]
[BlackElo "1038"]
[PlyCount "100"]
[EventDate "2015.04.04"]
[EventType "swiss"]
[EventRounds "9"]
[EventCountry "RSA"]
[SourceTitle "CBM 166 Extra"]
[Source "ChessBase"]
[SourceDate "2015.06.18"]
[SourceVersion "1"]
[SourceVersionDate "2015.06.18"]
[SourceQuality "1"]

1. e4 e5 2. Nf3 Nc6 3. Bb5 a6 4. Ba4 Nf6 5. d3 Bc5 6. Bxc6 dxc6 7. Nxe5 0-0 8. Bg5 h6 9. Bxf6 Qxf6 10. Nf3 Bg4 11. Nbd2 Qxb2 12. h3 Bh5 13. 0-0 f5 14. exf5 Rxf5 15. Re1 Bb4 16. Nc4 Qf6 17. Ncd2 Bxf3 18. Nxf3 Bxe1 19. Qxe1 g5 20. Qe3 h5 21. Nd4 Rf4 22. c3 Rd8 23. g3 Rfxd4 24. cxd4 Rxd4 25. Re1 Kg7 26. Qe7+ Qxe7 27. Rxe7+ Kf6 28. Rxc7 Rxd3 29. Rxb7 h4 30. gxh4 gxh4 31. Rb6 Rd1+ 32. Kg2 Rc1 33. Rxa6 Ke5 34. a4 c5 35. Ra8 c4 36. Re8+ Kd4 37. a5 Ra1 38. Rd8+ Kc5 39. f4 c3 40. f5 c2 41. Rc8+ Kd5 42. Rxc2 Rxa5 43. Rf2 Ra8 44. f6 Rg8+ 45. Kf3 Ke6 46. Ke3 Rf8 47. Ke2 Rxf6 48. Rxf6+ Kxf6 49. Kf2 Kg5 50. Kg2 Kf4 1/2-1/2